| 000 | 01460cam a22004217a 4500 | ||
|---|---|---|---|
| 001 | 2430 | ||
| 003 | FISKH | ||
| 005 | 20240109101834.0 | ||
| 008 | 120620s2013 nyua j 000 1 eng d | ||
| 010 | _a 2012942504 | ||
| 015 |
_aGBB2B9145 _2bnb |
||
| 016 | 7 |
_a016218702 _2Uk |
|
| 020 | _a9780062187703 | ||
| 035 | _a(OCoLC)ocn820106978 | ||
| 040 |
_aUKMGB _beng _cUKMGB _dBTCTA _dBDX _dQX9 _dOJ4 _dNYP _dYDXCP _dOPW _dZAC _dDLC |
||
| 042 | _alccopycat | ||
| 050 | 0 | 0 | _aPZ7.K12774 |
| 082 | 0 | 4 | _a813.6 |
| 100 | 1 | _aKann, Victoria | |
| 245 | 1 | 0 |
_aPinkalicious : _bPink or Treat! / _cby Victoria Kann |
| 246 | 3 | 0 | _aFlower girl |
| 250 | _aFirst edition | ||
| 260 |
_aNew York : _bHarper Festival, _c2013 |
||
| 300 |
_a24 unnumbered pages : _bColor illustrations : _c21cm |
||
| 490 | _3Pink or Treat ! | ||
| 505 | _aO | ||
| 520 | _aWhen a big storm shuts down all the power in Pinkville, Pinkalicious must turn into Pinkagirl to save Halloween! | ||
| 521 | 1 |
_a650
_bLexile |
|
| 521 | 1 |
_aO
_bRaz-Plus |
|
| 650 | 0 |
_aFlowers _vJuvenile fiction. |
|
| 650 | 0 |
_aPink _vJuvenile fiction. |
|
| 650 | 0 |
_aPinkalicious (Fictitious character) _vPictorial works _vJuvenile fiction. |
|
| 655 | 7 |
_aChildren's stories _vPictorial works. _2gsafd |
|
| 700 | _aKann, Victoria | ||
| 906 |
_a7 _bcbc _ccopycat _d2 _encip _f20 _gy-gencatlg |
||
| 942 |
_2ddc _cBK _n0 |
||
| 999 |
_c2430 _d2430 |
||